[Event "SR 3. liga A2 2015/2016"]
[Site "?"]
[Date "2016.02.21"]
[Round "8.2"]
[White "Berger, Patrik"]
[Black "Pribila, Gerhard"]
[Result "1/2-1/2"]
[WhiteElo "1961"]
[BlackElo "2107"]
[PlyCount "141"]
[EventDate "2016.??.??"]

1. e4 c5 2. Nf3 e6 3. d4 cxd4 4. Nxd4 a6 5. Bd3 Bc5 6. Nb3 Be7 7. Nc3 d6 8. O-O
Nf6 9. a4 b6 10. Qe2 Nbd7 11. f4 Qc7 12. Bd2 Bb7 13. Rae1 e5 14. Kh1 O-O 15.
Qf2 Rae8 16. Qg3 exf4 17. Bxf4 Nh5 18. Qf3 Nxf4 19. Qxf4 Bf6 20. Nd5 Bxd5 21.
exd5 Rxe1 22. Rxe1 Bxb2 23. Re7 Qd8 24. Bxh7+ Kxh7 25. Qf5+ Kg8 26. Qxd7 Qxd7
27. Rxd7 Re8 28. Kg1 Ba3 29. Rb7 Re2 30. Rxb6 Rxc2 31. Rxa6 Rb2 32. Ra8+ Kh7
33. Rb8 Kg6 34. a5 Kf5 35. a6 Bc5+ 36. Kf1 Rf2+ 37. Ke1 Ra2 38. Nxc5 dxc5 39.
Rb7 Rxa6 40. Rxf7+ Ke5 41. Rxg7 Kxd5 42. h4 Ke4 43. Kd2 Kd4 44. h5 Ra2+ 45. Kc1
Ra1+ 46. Kc2 Rh1 47. g4 c4 48. Rd7+ Kc5 49. Rh7 Rg1 50. Rg7 Rh1 51. Rg6 Rh2+
52. Kc1 Kd4 53. h6 Kd3 54. Rd6+ Kc3 55. Kd1 Rh1+ 56. Ke2 Kb2 57. g5 c3 58. Rb6+
Kc2 59. Rc6 Rh3 60. g6 Rh2+ 61. Kf3 Rxh6 62. g7 Rxc6 63. g8=Q Rb6 64. Qc4 Kb2
65. Qd4 Rb3 66. Ke2 Kb1 67. Qd3+ Kc1 68. Qd1+ Kb2 69. Qd4 Kb1 70. Qd3+ Kc1 71.
Qd1+ 1/2-1/2

[Event "SR 3. liga A2 2015/2016"]
[Site "?"]
[Date "2016.02.21"]
[Round "8.2"]
[White "Ambros, Rafael"]
[Black "Vepy, Ivan"]
[Result "1-0"]
[WhiteElo "1978"]
[BlackElo "1920"]
[PlyCount "43"]
[EventDate "2016.??.??"]

1. e4 e5 2. Nf3 Nc6 3. d4 exd4 4. Nxd4 Nxd4 5. Qxd4 d6 6. Nc3 Bd7 7. f3 Nf6 8.
Bg5 Be7 9. O-O-O O-O 10. g4 a6 11. h4 b5 12. Kb1 Be6 13. Nd5 Nxd5 14. exd5 Bd7
15. Bd3 Re8 16. Rde1 c5 17. Qe4 f5 18. Qf4 c4 19. Bxf5 Bxg5 20. Rxe8+ Bxe8 21.
hxg5 g6 22. Be6+ 1-0

[Event "SR 3. liga A2 2015/2016"]
[Site "?"]
[Date "2016.02.21"]
[Round "8.2"]
[White "Harastova, Viera"]
[Black "Kubis, Ivan"]
[Result "1-0"]
[WhiteElo "1872"]
[BlackElo "1953"]
[PlyCount "91"]
[EventDate "2016.??.??"]

1. d4 Nf6 2. c4 e6 3. Nc3 Bb4 4. Qc2 O-O 5. Bg5 h6 6. Bh4 c5 7. Nf3 d5 8. e3
cxd4 9. Nxd4 b6 10. Be2 Bb7 11. O-O dxc4 12. Bxc4 Nbd7 13. Be2 Rc8 14. Bf3 Bxf3
15. Nxf3 Qc7 16. Bg3 Qc5 17. Rfd1 Qh5 18. Qa4 Qa5 19. Qxa5 Bxa5 20. Nb5 Rc2 21.
b3 a6 22. Nbd4 Rb2 23. Rdc1 b5 24. Bd6 Ra8 25. Ba3 Rd2 26. b4 Rxd4 27. Nxd4 Bb6
28. Bb2 Nd5 29. a3 Ne5 30. Rc2 Nc4 31. Rac1 Rc8 32. Nf3 Bd8 33. Nd2 Ndb6 34.
Bd4 Ra8 35. Bxb6 Nxb6 36. Rc5 Kf8 37. Kf1 Ke8 38. Ke2 Na4 39. Rc6 a5 40. Ne4
axb4 41. axb4 Be7 42. Nd6+ Bxd6 43. Rxd6 Ke7 44. Rdc6 g6 45. Rc7+ Kf6 46. Rb7
1-0

[Event "SR 3. liga A2 2015/2016"]
[Site "?"]
[Date "2016.02.21"]
[Round "8.2"]
[White "Kocak, Branislav"]
[Black "Vogl, Zdenek"]
[Result "0-1"]
[WhiteElo "1900"]
[BlackElo "1907"]
[PlyCount "92"]
[EventDate "2016.??.??"]

1. d4 Nf6 2. Nf3 e6 3. c4 b6 4. Bg5 Be7 5. e3 Bb7 6. Nc3 h6 7. Bh4 O-O 8. a3 d6
9. h3 Ne4 10. Bxe7 Qxe7 11. Nxe4 Bxe4 12. Bd3 f5 13. Qe2 Nd7 14. Bxe4 fxe4 15.
Nd2 d5 16. O-O-O c5 17. f4 cxd4 18. exd4 Rxf4 19. Rhf1 Rxf1 20. Rxf1 Rc8 21.
Kb1 Rf8 22. Rxf8+ Qxf8 23. Qe3 Nb8 24. b4 Nc6 25. b5 Ne7 26. g4 g5 27. c5 Qf4
28. Qxf4 gxf4 29. Kc1 Kf7 30. Kd1 Kf6 31. h4 e5 32. Nb3 exd4 33. cxb6 axb6 34.
Nxd4 f3 35. Kd2 Ng6 36. Nf5 h5 37. Ne3 d4 38. g5+ Ke6 39. Nf1 Nxh4 40. Ng3 e3+
41. Kd3 f2 42. Ke2 Nf5 43. Nxh5 d3+ 44. Kf1 d2 45. Nf4+ Kd6 46. Ke2 Ng3+ 0-1

[Event "SR 3. liga A2 2015/2016"]
[Site "?"]
[Date "2016.02.21"]
[Round "8.2"]
[White "Hrubsa, Marian"]
[Black "Husek, Lubomir"]
[Result "1/2-1/2"]
[WhiteElo "1827"]
[BlackElo "1884"]
[PlyCount "54"]
[EventDate "2016.??.??"]

1. e4 e5 2. Nf3 Nc6 3. Bb5 a6 4. Bxc6 dxc6 5. O-O Bg4 6. h3 Bxf3 7. Qxf3 Nf6 8.
d3 Be7 9. Be3 O-O 10. Nd2 b5 11. Qg3 Nd7 12. Bh6 Bf6 13. Nf3 Kh8 14. Be3 c5 15.
Rad1 Qe7 16. Nd2 Rac8 17. Nb3 Rfe8 18. c3 c6 19. Qg4 g6 20. Qe2 Bg7 21. f3 Rcd8
22. Qf2 Bf8 23. f4 f6 24. fxe5 Qxe5 25. Bf4 Qe6 26. Be3 Qe5 27. Bf4 Qe6 1/2-1/2

[Event "SR 3. liga A2 2015/2016"]
[Site "?"]
[Date "2016.02.21"]
[Round "8"]
[White "Brunovsky, Peter"]
[Black "Planka, Peter"]
[Result "1/2-1/2"]
[WhiteElo "1831"]
[BlackElo "1749"]
[PlyCount "110"]
[EventDate "2016.??.??"]
[WhiteTeam "ŠK Nafta Gbely"]
[BlackTeam "ŠK Skalica "]

1. c4 e5 2. e4 Nf6 3. d3 Bb4+ 4. Bd2 Bxd2+ 5. Qxd2 O-O 6. g3 c6 7. Bg2 d6 8.
Ne2 Nbd7 9. O-O Ng4 10. h3 Nh6 11. g4 f6 12. Nbc3 Nc5 13. b4 Ne6 14. a4 a6 15.
a5 Bd7 16. Na4 Nc7 17. Nb6 Rb8 18. f4 Na8 19. Nxa8 Rxa8 20. Nc3 Kh8 21. Na4 Ng8
22. Nb6 Rb8 23. d4 exf4 24. Qxf4 Be6 25. Rad1 Ne7 26. Qg3 Nc8 27. Nxc8 Rxc8 28.
c5 d5 29. Qb3 Kg8 30. Rde1 Qd7 31. exd5 Bxd5 32. Bxd5+ cxd5 33. Re3 Rce8 34.
Rfe1 Kf7 35. Qa2 Rxe3 36. Rxe3 Re8 37. Rxe8 Kxe8 38. Qh2 Kd8 39. Qb8+ Qc8 40.
Qd6+ Qd7 41. Qb6+ Qc7 42. Kg2 Kd7 43. Kf3 Qc6 44. Kf4 g6 45. h4 Kc8 46. h5 Qc7+
47. Kf3 Qe7 48. Kf2 gxh5 49. gxh5 f5 50. Kf1 Qe3 51. Qf6 Qf3+ 52. Ke1 Qe3+ 53.
Kf1 Qf3+ 54. Ke1 Qe3+ 55. Kf1 Qf3+ 1/2-1/2

[Event "SR 3. liga A2 2015/2016"]
[Site "?"]
[Date "2016.02.21"]
[Round "8.2"]
[White "Zlamal, Marek"]
[Black "Zajicek, Ferdinand"]
[Result "1-0"]
[WhiteElo "1727"]
[BlackElo "1756"]
[PlyCount "166"]
[EventDate "2016.??.??"]

1. d4 d5 2. e3 Nf6 3. c4 c6 4. Nf3 g6 5. Bd3 Bg7 6. O-O O-O 7. Nc3 Be6 8. b3
Nbd7 9. Ng5 Qa5 10. Nxe6 fxe6 11. Bd2 Qc7 12. f4 Rf7 13. Rc1 a6 14. Qf3 Raf8
15. cxd5 exd5 16. Nxd5 Nxd5 17. Qxd5 Nf6 18. Qe6 Qd8 19. f5 g5 20. Qc4 Kh8 21.
e4 h6 22. e5 Nd7 23. Rce1 Nb6 24. Qc5 Nd7 25. Qc3 Nb6 26. Be4 Nd5 27. Qd3 Nc7
28. Kh1 Nb5 29. Be3 Qc8 30. Rd1 Rd8 31. Qe2 Nc3 32. Qh5 Rdf8 33. f6 Nxe4 34.
fxg7+ Kxg7 35. Rxf7+ Rxf7 36. Re1 Qf5 37. Kg1 Nc3 38. h3 Nd5 39. Qe2 Nc3 40.
Qb2 Qd3 41. Qd2 Qxd2 42. Bxd2 Nd5 43. Rf1 Rxf1+ 44. Kxf1 Kf7 45. Kf2 Ke6 46.
Kf3 c5 47. Ke4 cxd4 48. Kxd4 Nb6 49. Ke4 Nd7 50. Bc3 b6 51. Bb4 Nxe5 52. Bxe7
Ng6 53. Bd8 Nf4 54. g3 Nd5 55. Kd4 Kd6 56. a3 Ke6 57. g4 Kd6 58. h4 Nf4 59.
Bxb6 gxh4 60. Ke4 Ne6 61. b4 Kc6 62. Bg1 Kb5 63. Bf2 Ng5+ 64. Ke3 h3 65. Bg3
Ka4 66. Bd6 Nf7 67. Bf4 Kxa3 68. Kf3 Ng5+ 69. Kg3 Kxb4 70. Bd6+ Kb5 71. Bf8 Nf7
72. Kxh3 a5 73. Kh4 a4 74. Bg7 a3 75. Kh5 a2 76. Kg6 Nd8 77. Kxh6 Ne6 78. Ba1
Kc4 79. g5 Nd4 80. g6 Kd5 81. Kg5 Nf3+ 82. Kf6 Nd4 83. g7 Nc6 1-0

[Event "SR 3. liga A2 2015/2016"]
[Site "?"]
[Date "2016.02.21"]
[Round "8.3"]
[White "Kovacocy, Pavel"]
[Black "Varga, David"]
[Result "1-0"]
[WhiteElo "2186"]
[BlackElo "2330"]
[PlyCount "109"]
[EventDate "2016.??.??"]

1. e4 e5 2. Nf3 Nf6 3. Nxe5 d6 4. Nf3 Nxe4 5. Qe2 Qe7 6. d3 Nf6 7. Bg5 Be6 8.
Nc3 h6 9. Bh4 Nc6 10. O-O-O g5 11. Bg3 g4 12. Nd2 Bg7 13. Nb3 a5 14. Nd2 Nd7
15. Ndb1 b5 16. Qe4 Ra6 17. d4 Rb6 18. Bxb5 Rxb5 19. Qxc6 Qg5+ 20. Nd2 Rb6 21.
Qe4 O-O 22. f4 gxf3 23. Bf4 Qf6 24. Nxf3 Rfb8 25. b3 c5 26. Be3 Rc8 27. Na4 Rb4
28. c3 cxd4 29. Bxd4 Qd8 30. Kb2 Rb5 31. Bxg7 Kxg7 32. Nd4 Re5 33. Nxe6+ Rxe6
34. Qd4+ Ne5 35. h4 Rg6 36. Rd2 Rg4 37. Qxd6 Qxd6 38. Rxd6 Rxa4 39. Re1 Re8 40.
Rxe5 Rxe5 41. bxa4 Re2+ 42. Kb3 Rxg2 43. Rd5 Rg4 44. Rxa5 Rxh4 45. c4 Kf6 46.
Rb5 Rh3+ 47. Kb4 Rh2 48. a3 Ke6 49. a5 Rb2+ 50. Kc5 Rxb5+ 51. Kxb5 Kd7 52. Kb6
Kc8 53. a6 Kb8 54. a7+ Ka8 55. c5 1-0

[Event "SR 3. liga A2 2015/2016"]
[Site "?"]
[Date "2016.02.21"]
[Round "8.3"]
[White "Takacs, Laszlo"]
[Black "Glodova, Erika"]
[Result "1-0"]
[WhiteElo "2182"]
[BlackElo "2092"]
[PlyCount "97"]
[EventDate "2016.??.??"]

1. e4 c5 2. Nf3 d6 3. d4 cxd4 4. Nxd4 Nf6 5. Nc3 a6 6. Be3 e5 7. Nb3 b5 8. a4
bxa4 9. Rxa4 Bd7 10. Ra1 Bc6 11. Na5 Qc7 12. f3 Nbd7 13. Bc4 Be7 14. Qe2 Bb7
15. O-O O-O 16. Nxb7 Qxb7 17. Nd5 Bd8 18. Bxa6 Qb8 19. Nxf6+ Nxf6 20. Qb5 Qxb5
21. Bxb5 Rb8 22. c4 d5 23. Bc5 Bb6 24. Bxb6 Rxb6 25. exd5 Nxd5 26. Ra7 Nf4 27.
Re1 Nd3 28. Re2 Rc8 29. g3 g6 30. Rd2 e4 31. Re7 Ne1 32. Rdd7 Nxf3+ 33. Kg2 Rf6
34. Rxe4 Ng5 35. Rf4 Kg7 36. Rb7 Rd8 37. Rxf6 Kxf6 38. Bd7 Ne4 39. Bg4 Rd2+ 40.
Kf3 Nc5 41. Rb6+ Ke5 42. b4 Nb3 43. Ke3 Rd4 44. Rb5+ Kd6 45. c5+ Kc7 46. Bf3
Rc4 47. Kd3 Rc1 48. Rb7+ Kc8 49. Rxf7 1-0

[Event "SR 3. liga A2 2015/2016"]
[Site "?"]
[Date "2016.02.21"]
[Round "8.3"]
[White "Cechovic, Stefan"]
[Black "Merva, Frantisek"]
[Result "1/2-1/2"]
[WhiteElo "2147"]
[BlackElo "2090"]
[PlyCount "25"]
[EventDate "2016.??.??"]

1. Nf3 d5 2. g3 Nf6 3. Bg2 c6 4. b3 Bf5 5. Bb2 e6 6. O-O h6 7. c4 Be7 8. d3 O-O
9. Nbd2 a5 10. Re1 Na6 11. h3 Bh7 12. Ne5 Nd7 13. Nxd7 1/2-1/2

[Event "SR 3. liga A2 2015/2016"]
[Site "?"]
[Date "2016.02.21"]
[Round "8.3"]
[White "Kalmar, Tamas"]
[Black "Sarmir, Milos"]
[Result "1-0"]
[WhiteElo "2021"]
[BlackElo "2018"]
[PlyCount "95"]
[EventDate "2016.??.??"]

1. d4 Nf6 2. Nf3 d5 3. c4 c6 4. g3 e6 5. Bg2 Bd6 6. Nbd2 Nbd7 7. O-O O-O 8. Qc2
Qe7 9. e4 Nxe4 10. Nxe4 dxe4 11. Qxe4 Nf6 12. Qe2 Re8 13. Re1 Bb4 14. Rd1 Nd7
15. b3 Bc3 16. Bb2 Bxb2 17. Qxb2 b6 18. Rd2 Bb7 19. Rad1 Rad8 20. Ne5 Nb8 21.
Qc3 f6 22. Nf3 Nd7 23. Re1 Qd6 24. Rde2 c5 25. d5 e5 26. Nh4 g6 27. Bh3 f5 28.
Nf3 e4 29. Bg2 Re7 30. Ng5 Rde8 31. Ne6 Ne5 32. Nf4 Qf6 33. Qd2 g5 34. Nh3 h6
35. Kf1 Nd3 36. Rd1 Bc8 37. Ng1 Nxf2 38. Rxf2 e3 39. Qb2 Re5 40. Re2 f4 41. Nf3
Bg4 42. Nxe5 Rxe5 43. Kg1 Qf5 44. d6 f3 45. Bxf3 Bxf3 46. d7 Bxe2 47. d8=Q+ Kf7
48. Qxe2 1-0

[Event "SR 3. liga A2 2015/2016"]
[Site "?"]
[Date "2016.02.21"]
[Round "8.3"]
[White "Vagovsky, Jozef"]
[Black "Matis, Daniel"]
[Result "1-0"]
[WhiteElo "1869"]
[BlackElo "1616"]
[PlyCount "81"]
[EventDate "2016.??.??"]

1. Nf3 Nc6 2. d4 d5 3. Bf4 Bg4 4. e3 a6 5. c4 e6 6. Bd3 Bd6 7. cxd5 exd5 8.
Bxd6 Qxd6 9. Nbd2 Nf6 10. Rc1 O-O 11. O-O Rfe8 12. h3 Bh5 13. a3 Ne4 14. Qc2
Nxd2 15. Nxd2 Re6 16. Bxh7+ Kh8 17. Bd3 Bg6 18. Nf3 Bxd3 19. Qxd3 Rg6 20. Qb3
Rb8 21. Rxc6 Qxc6 22. Ne5 Qe6 23. Nxg6+ Qxg6 24. Qxd5 c6 25. Qe5 Rd8 26. Qc7
Rd6 27. Qxb7 Kh7 28. Rc1 Qe4 29. Qxa6 Rg6 30. Qf1 Qf3 31. Kh1 Qd5 32. Rc5 Qe6
33. Rh5+ Kg8 34. Qa6 Qe8 35. Re5 Qd8 36. Qa7 Qc8 37. Qe7 Qa6 38. Qe8+ Kh7 39.
Rh5+ Rh6 40. Rxh6+ Kxh6 41. Qxf7 1-0

[Event "SR 3. liga A2 2015/2016"]
[Site "?"]
[Date "2016.02.21"]
[Round "8.3"]
[White "Matis, Tibor ml"]
[Black "Markuliak, Mario"]
[Result "1/2-1/2"]
[WhiteElo "1719"]
[BlackElo "1866"]
[PlyCount "88"]
[EventDate "2016.??.??"]

1. e4 e5 2. Nf3 Nc6 3. d4 exd4 4. Nxd4 Bc5 5. Be3 Qf6 6. c3 Nxd4 7. Bxd4 Bxd4
8. cxd4 d6 9. Nc3 Bd7 10. Rc1 Ne7 11. Bb5 c6 12. Bc4 O-O 13. O-O Be6 14. d5
cxd5 15. Bxd5 Nxd5 16. exd5 Bf5 17. Qd2 Qg6 18. Ne2 Rac8 19. Rfe1 Rxc1 20. Rxc1
Rc8 21. Rxc8+ Bxc8 22. Qe3 Kf8 23. Qc3 Bh3 24. Ng3 Qb1+ 25. Nf1 Bd7 26. Qc7 Ke7
27. Qxb7 Qxa2 28. h3 Qa1 29. g3 Qa4 30. Ne3 Kf6 31. Qc7 Ke7 32. h4 g6 33. Kh2
Qd4 34. b3 Qb2 35. Kg2 Qd4 36. b4 Qe4+ 37. Kg1 a6 38. Qb7 Qb1+ 39. Kg2 Qe4+ 40.
Kh2 Qf3 41. Kg1 Qe2 42. Kg2 Qb5 43. Qa7 Qd3 44. Qb7 Qb5 1/2-1/2

[Event "SR 3. liga A2 2015/2016"]
[Site "?"]
[Date "2016.02.21"]
[Round "8.3"]
[White "Hornak, Pavol"]
[Black "Olle, Akos"]
[Result "1-0"]
[WhiteElo "1792"]
[BlackElo "1299"]
[PlyCount "79"]
[EventDate "2016.??.??"]

1. d4 d5 2. c4 Nf6 3. Nf3 Nc6 4. Nc3 Bg4 5. cxd5 Nxd5 6. e3 g6 7. Bc4 e6 8. h3
Bxf3 9. Qxf3 Nf6 10. Bb5 Nd5 11. O-O Bg7 12. Bd2 O-O 13. Rac1 a6 14. Ba4 Qf6
15. Qxf6 Nxf6 16. Bxc6 bxc6 17. Na4 Ne4 18. Ba5 Rab8 19. Rxc6 Rb7 20. Rfc1 Rc8
21. Rxa6 e5 22. d5 Nf6 23. d6 c6 24. Raxc6 Rxc6 25. Rxc6 Rd7 26. Nc5 Rb7 27.
Bc3 Bf8 28. Bxe5 Nd7 29. Rc7 Rxc7 30. dxc7 Nb6 31. Nd7 Nc8 32. Nxf8 Kxf8 33.
Kf1 Ke7 34. Ke2 Ke6 35. Bg3 h6 36. Kd3 Kd5 37. e4+ Ke6 38. Kd4 Kd7 39. Kc5 Ke7
40. b4 1-0

[Event "SR 3. liga A2 2015/2016"]
[Site "?"]
[Date "2016.02.21"]
[Round "8.4"]
[White "Hirmajer, Jan"]
[Black "Sturdik, Igor"]
[Result "1/2-1/2"]
[WhiteElo "1935"]
[BlackElo "1990"]
[PlyCount "44"]
[EventDate "2016.??.??"]

1. c4 Nf6 2. Nc3 c5 3. g3 g6 4. Bg2 Bg7 5. Nf3 Nc6 6. O-O O-O 7. a3 d6 8. Rb1
a5 9. d3 h6 10. Bd2 Bd7 11. Qc1 Kh7 12. Qc2 Rb8 13. Nb5 Ne8 14. Bc3 Nc7 15.
Bxg7 Kxg7 16. Nc3 Na7 17. b4 axb4 18. axb4 cxb4 19. Rxb4 b5 20. cxb5 Naxb5 21.
Nxb5 Rxb5 22. Rxb5 Nxb5 1/2-1/2

[Event "SR 3. liga A2 2015/2016"]
[Site "?"]
[Date "2016.02.21"]
[Round "8.4"]
[White "Kolenak, Matus"]
[Black "Miciak, Emanuel"]
[Result "1-0"]
[WhiteElo "1999"]
[BlackElo "1844"]
[PlyCount "104"]
[EventDate "2016.??.??"]

1. e4 c5 2. Nf3 d6 3. c4 g6 4. d4 cxd4 5. Nxd4 Bg7 6. Nc3 Nf6 7. Be2 O-O 8. O-O
Bd7 9. Be3 Nc6 10. Rc1 a6 11. f3 Rc8 12. Qd2 Qa5 13. Rfd1 Ne5 14. b3 Rfd8 15.
g4 Nc6 16. g5 Nxd4 17. Bxd4 Ne8 18. Nd5 Qxd2 19. Rxd2 Bxd4+ 20. Rxd4 Kf8 21.
Rcd1 Rc6 22. Kf2 Ng7 23. h4 Ne6 24. R4d2 a5 25. Nc3 Nc5 26. Ke3 Kg7 27. Nd5 Re8
28. Nc3 Be6 29. Rb1 Na6 30. f4 Rcc8 31. h5 Rf8 32. h6+ Kg8 33. Bd3 f5 $11 34.
gxf6 Rxf6 35. Rg1 Kh8 36. Rg5 Rc5 37. Rdg2 Rxg5 38. Rxg5 Nc5 39. Be2 Bf7 40. e5
dxe5 41. Rxe5 Re6 42. Kd4 Rxe5 43. Kxe5 Kg8 44. Ne4 Ne6 45. Bd1 Nd8 46. Nc5 Be8
47. Bf3 b5 48. Bd5+ Kf8 49. Ne6+ Nxe6 50. Bxe6 bxc4 51. bxc4 Bc6 52. c5 Bb7 1-0

[Event "SR 3. liga A2 2015/2016"]
[Site "?"]
[Date "2016.02.21"]
[Round "8.4"]
[White "Podjavorinsky, Michal"]
[Black "Bukovsky, Milan"]
[Result "1/2-1/2"]
[WhiteElo "1941"]
[BlackElo "1978"]
[PlyCount "127"]
[EventDate "2016.??.??"]

1. e4 e5 2. Nf3 Nc6 3. Bb5 a6 4. Ba4 Nf6 5. O-O Be7 6. c3 b5 7. Bb3 d6 8. h3
O-O 9. Re1 Na5 10. Bc2 c5 11. d4 Qc7 12. d5 Bd7 13. Bg5 Nc4 14. b3 Nb6 15. Nbd2
c4 16. b4 Qd8 17. Nf1 h6 18. Be3 Nh7 19. Ng3 Ng5 20. Nf5 Bxf5 21. exf5 Nxf3+
22. Qxf3 Bg5 23. Bxb6 $11 Qxb6 24. Red1 Bf6 25. Qe4 a5 26. a3 axb4 27. axb4 Ra7
28. Qe1 Rfa8 29. Kf1 Ra2 30. Rxa2 Rxa2 31. Bb1 Ra3 32. Rc1 Qa7 33. g3 Qa8 34.
Be4 Bg5 35. Rd1 Ra2 36. h4 Bd8 37. Rd2 Bb6 38. f3 Rxd2 39. Qxd2 Qa1+ 40. Qe1
Qb2 41. Bb1 Qh2 42. Be4 Ba7 43. f4 exf4 44. gxf4 Qxf4+ 45. Kg2 Qe3 46. Kf1 Kf8
47. Qxe3 Bxe3 48. Ke2 Bf4 49. f6 Be5 50. fxg7+ Kxg7 51. Kd2 Kf6 52. Bh7 Bg3 53.
h5 Ke5 54. Bg8 f5 55. Be6 f4 56. Bd7 Kxd5 57. Bxb5 f3 58. Be8 Ke6 59. b5 Bf4+
60. Ke1 Be3 61. Bg6 d5 62. Bh7 Kd6 63. Bg8 Kc5 64. b6 1/2-1/2

[Event "SR 3. liga A2 2015/2016"]
[Site "?"]
[Date "2016.02.21"]
[Round "8.4"]
[White "Doucha, Ludvik"]
[Black "Bjel, Jan"]
[Result "1-0"]
[WhiteElo "1963"]
[BlackElo "1821"]
[PlyCount "119"]
[EventDate "2016.??.??"]

1. Nf3 Nc6 2. d4 d5 3. Bf4 Bg4 4. Nbd2 e6 5. e3 a6 6. Be2 Bd6 7. Ne5 Bxe2 8.
Qxe2 Nge7 9. Ndf3 Nxe5 10. dxe5 Bb4+ 11. c3 Ba5 12. O-O O-O 13. Rfd1 c6 14. e4
Qc7 15. exd5 cxd5 16. h3 Ng6 17. Bg3 Rfd8 18. Rd4 Rac8 19. Rg4 Bb6 20. h4 h5
21. Rg5 Qc4 22. Qxc4 Rxc4 23. Rxh5 d4 24. cxd4 Bxd4 25. Nxd4 Rcxd4 26. a3 Rd1+
27. Rxd1 Rxd1+ 28. Kh2 Rb1 29. b4 Ra1 30. Rg5 Rxa3 31. h5 Ne7 32. h6 g6 33. Rg4
Rb3 34. Bh4 Nc6 35. h7+ Kxh7 36. Bf6 Rxb4 37. Rg3 g5 38. Rxg5 a5 39. g4 a4 40.
Rg7+ Kh6 41. g5+ Kh5 42. f3 a3 43. g6 Nxe5 44. Bxe5 fxg6 45. Bf6 Kh6 46. Rg8 g5
47. Bxg5+ Kh7 48. Ra8 Rb2+ 49. Kg3 a2 50. Bf6 Re2 51. Ra7 Kg6 52. Bc3 Rc2 53.
Be5 Kf5 54. f4 b5 55. Kf3 b4 56. Rg7 Rc3+ 57. Bxc3 bxc3 58. Rg1 e5 59. fxe5
Kxe5 60. Ke3 1-0

[Event "SR 3. liga A2 2015/2016"]
[Site "?"]
[Date "2016.02.21"]
[Round "8.4"]
[White "Lanyi, Frantisek"]
[Black "Mosny, Jaroslav"]
[Result "1/2-1/2"]
[WhiteElo "1667"]
[BlackElo "1964"]
[PlyCount "51"]
[EventDate "2016.??.??"]

1. e4 e5 2. Nf3 d6 3. Bc4 Be7 4. d4 exd4 5. Nxd4 Nf6 6. f3 O-O 7. O-O Nbd7 8.
Nf5 Ne5 9. Nxe7+ Qxe7 10. Bb3 Be6 11. Bg5 h6 12. Bh4 Ng6 13. Bg3 Nh5 14. Nc3
Nxg3 15. hxg3 Qg5 16. Qe1 Qc5+ 17. Qf2 Qxf2+ 18. Kxf2 Ne7 19. Nb5 Rac8 20. Nd4
Bd7 21. c3 a6 22. Rfd1 Rfe8 23. Rd2 Ng6 24. Rad1 Re7 25. Nc2 Be6 26. Bd5
1/2-1/2

[Event "SR 3. liga A2 2015/2016"]
[Site "?"]
[Date "2016.02.21"]
[Round "8.4"]
[White "Bahna, Jan"]
[Black "Smrek, Peter"]
[Result "1-0"]
[WhiteElo "1867"]
[BlackElo "1811"]
[PlyCount "100"]
[EventDate "2016.??.??"]

1. e4 c5 2. Nc3 Nc6 3. g3 g6 4. Bg2 Bg7 5. d3 d6 6. Nge2 e6 7. O-O Nge7 8. Be3
Nd4 9. Qd2 Nxe2+ 10. Qxe2 Bd7 11. Qd2 b5 12. Bh6 O-O 13. Bxg7 Kxg7 14. Rad1 b4
15. Ne2 e5 16. h3 Be6 17. f4 f6 18. Kh2 a5 19. g4 Bxa2 20. b3 a4 21. Nc1 axb3
22. cxb3 Qa5 23. Rf2 Bb1 24. Ne2 Qa2 25. Qc1 Qxb3 26. Qxb1 Qxb1 27. Rxb1 Ra2
28. Kg3 exf4+ 29. Nxf4 Rfa8 30. Rbb2 Rxb2 31. Rxb2 Nc6 32. e5 Ra6 33. exd6 Ne5
34. Ne6+ Kf7 35. Nxc5 Rxd6 36. Be4 Rb6 37. d4 Rb5 38. Rb3 Ke7 39. Na6 f5 40.
gxf5 gxf5 41. Bg2 Rb6 42. dxe5 Rxa6 43. Rxb4 Rg6+ 44. Kf3 Ke6 45. Rb5 f4 46.
Bf1 Rg1 47. Bc4+ Kf5 48. Bd3+ Ke6 49. Kxf4 h6 50. Rb6+ Kd5 1-0

[Event "SR 3. liga A2 2015/2016"]
[Site "?"]
[Date "2016.02.21"]
[Round "8.4"]
[White "Lajda, Dusan"]
[Black "Krist, Milan"]
[Result "1/2-1/2"]
[WhiteElo "1852"]
[BlackElo "1857"]
[PlyCount "108"]
[EventDate "2016.??.??"]

1. e4 e6 2. d4 d5 3. Nc3 Nf6 4. e5 Nfd7 5. f4 c5 6. Nf3 Nc6 7. Bb5 cxd4 8. Nxd4
Qb6 9. Nb3 Bb4 10. Bxc6 bxc6 11. Bd2 Ba6 12. Na4 Bxd2+ 13. Qxd2 Qb5 14. Nc3 Qb6
15. Na4 Qb5 16. Nc3 Qb7 17. Na4 O-O 18. Rb1 Rfc8 19. Nac5 Nxc5 20. Nxc5 Qb5 21.
b4 Rc7 22. a4 Qc4 23. c3 Rb8 24. Ra1 Bc8 25. a5 Ba6 26. Kf2 Rd8 27. Rhd1 h6 28.
Qe3 Rcc8 29. Rd2 Rb8 30. Rad1 Bc8 31. Rd4 Qa2+ 32. R1d2 Qb1 33. Qd3 Qxd3 34.
R2xd3 Kf8 35. g4 Ke7 36. Rf3 g6 37. h4 Bd7 38. Rfd3 Rg8 39. Na6 Rbf8 40. g5
hxg5 41. fxg5 Rh8 42. Kg3 Bc8 43. Nc5 Rh7 44. Rf3 Rd8 45. Rff4 Rf8 46. Kf3 Rfh8
47. Ke3 Rh5 48. Kd3 Rf8 49. c4 Rhh8 50. Kc3 Rd8 51. a6 dxc4 52. Rxc4 Rd5 53.
Rce4 Rhd8 54. Rf6 Rf8 1/2-1/2

[Event "SR 3. liga A2 2015/2016"]
[Site "?"]
[Date "2016.02.21"]
[Round "8.4"]
[White "Hagara, Vladimir"]
[Black "Podjavorinsky, Peter"]
[Result "1-0"]
[WhiteElo "1844"]
[BlackElo "1690"]
[PlyCount "53"]
[EventDate "2016.??.??"]

1. d4 d5 2. c4 Bf5 3. Nc3 Nf6 4. e3 e6 5. Nf3 Bg4 6. cxd5 exd5 7. Be2 Be7 8.
O-O O-O 9. a3 c6 10. b4 a6 11. Bb2 Nbd7 12. Na4 Bd6 13. Nc5 Qb8 14. h3 Bh5 15.
Nxd7 Nxd7 16. Qb3 Nf6 17. a4 Ne4 18. Rfd1 f5 19. Bc3 f4 20. exf4 Bxf4 21. Be1
Qd6 22. Qc2 Rae8 23. b5 axb5 24. axb5 cxb5 25. Rdb1 Rc8 26. Qb3 Rc7 27. Bb4 1-0

[Event "SR 3. liga A2 2015/2016"]
[Site "?"]
[Date "2016.02.21"]
[Round "8.5"]
[White "Stepanovic, Branislav"]
[Black "Sosna, Jan"]
[Result "0-1"]
[WhiteElo "1995"]
[BlackElo "2353"]
[PlyCount "41"]
[EventDate "2016.??.??"]

1. e4 e5 2. Nf3 Nc6 3. Bb5 Nf6 4. O-O Nxe4 5. d4 Nd6 6. dxe5 Nxb5 7. a4 d6 8.
axb5 Nxe5 9. Re1 Be7 10. Nd4 O-O 11. f4 Bg4 12. Qd2 Nc4 13. Qb4 Nb6 14. h3 Bd7
15. Ra3 Re8 16. c4 d5 17. c5 Nc4 18. Rd3 b6 19. Nb3 bxc5 20. Nxc5 Bxc5+ 21.
Qxc5 0-1

[Event "SR 3. liga A2 2015/2016"]
[Site "?"]
[Date "2016.02.21"]
[Round "8.5"]
[White "Sebesta, Radovan"]
[Black "Manak, Jozef"]
[Result "1/2-1/2"]
[WhiteElo "2004"]
[BlackElo "1974"]
[PlyCount "26"]
[EventDate "2016.??.??"]

1. d4 d6 2. c4 e5 3. dxe5 dxe5 4. Qxd8+ Kxd8 5. Nc3 c6 6. Nf3 f6 7. g3 Be6 8.
b3 Nd7 9. Bg2 Kc7 10. O-O a5 11. Bb2 Nh6 12. Rfd1 Nf7 13. Rac1 Nc5 1/2-1/2

[Event "SR 3. liga A2 2015/2016"]
[Site "?"]
[Date "2016.02.21"]
[Round "8.5"]
[White "Mihalik, Anton"]
[Black "Lanik, Miroslav"]
[Result "1/2-1/2"]
[WhiteElo "1945"]
[BlackElo "1896"]
[PlyCount "76"]
[EventDate "2016.??.??"]

1. c4 e5 2. Nc3 Nf6 3. Nf3 Nc6 4. g3 d5 5. cxd5 Nxd5 6. Qc2 Be6 7. a3 f6 8. Bg2
Qd7 9. O-O O-O-O 10. Re1 Kb8 11. b4 g5 12. e4 Nb6 13. Rd1 g4 14. Nh4 Nd4 15.
Qb2 Na4 16. Nxa4 Qxa4 17. Rf1 Bc4 18. Nf5 Bxf1 19. Bxf1 Nf3+ 20. Kg2 Qc6 21. d3
Ne1+ 22. Kg1 Nxd3 23. Bxd3 Rxd3 24. Qe2 Rd8 25. Be3 h5 26. Rc1 Qd7 27. Qc4 Bd6
28. b5 Bxa3 29. Qa4 Qd3 30. Qxa7+ Kc8 31. Rxc7+ Kxc7 32. Bb6+ Kc8 33. Qa8+ Kd7
34. Qxb7+ Ke8 35. Ng7+ Kf8 36. Ne6+ Ke8 37. Nxd8 Qd1+ 38. Kg2 Qf3+ 1/2-1/2

[Event "SR 3. liga A2 2015/2016"]
[Site "?"]
[Date "2016.02.21"]
[Round "8.5"]
[White "Palka, Martin"]
[Black "Manak, Adrian"]
[Result "1-0"]
[WhiteElo "1891"]
[BlackElo "1939"]
[PlyCount "99"]
[EventDate "2016.??.??"]

1. Nf3 d5 2. g3 c5 3. Bg2 Nc6 4. O-O e5 5. d3 Bg4 6. Nbd2 Nf6 7. c4 d4 8. Ne4
Nxe4 9. dxe4 Qd7 10. Qa4 Be7 11. a3 O-O 12. Re1 a6 13. Bd2 b5 14. Qc2 Rfb8 15.
cxb5 Rxb5 16. Rad1 Rab8 17. Bc1 Qe6 18. e3 dxe3 19. fxe3 Na5 20. Rd5 Bxf3 21.
Bxf3 Nb3 22. Be2 R5b6 23. Bc4 Qg6 24. Bxb3 Rxb3 25. Rxe5 Bd6 26. Rf5 h5 27. Kh1
h4 28. gxh4 Qe6 29. Ref1 R8b7 30. Qg2 Be5 31. R5f2 c4 32. Rd1 g6 33. h5 Kg7 34.
hxg6 fxg6 35. Qf3 Bf6 36. Rd8 Rb8 37. Qxf6+ Qxf6 38. Rd7+ Kh6 39. Rxf6 c3 40.
bxc3 Rxc3 41. Bd2 Rxa3 42. Rdd6 Rb1+ 43. Kg2 Ra2 44. Rxg6+ Kh7 45. Rge6 Rb7 46.
Kh3 Kg8 47. Rg6+ Kh7 48. Bc3 a5 49. Rh6+ Kg8 50. Rh8+ 1-0